000
00313 a2200157 4500
001
192942
020
_a
978-85-7888-525-0
040
_c
Magnum
100
_a
Alencar, José de
240
1
0
_a
Iracema
_l
por
245
1
0
_a
Iracema
300
_a
168
362
0
_a
2015
697
_a
LITERATURA GERAL
942
_c
BK
999
_c
192942
_d
192942